| 000 | 00438nam a2200181Ia 4500 | ||
|---|---|---|---|
| 008 | 240510s9999 xx 000 0 und d | ||
| 041 | _aEng | ||
| 082 | _a005.118 | ||
| 082 | _bM11 | ||
| 100 | _aMcCLANAHAN D. | ||
| 245 | 0 | _aPOWER BUILDER 6 : A DEVELOPERS GUIDE :( With CD) | |
| 260 | _bNEW DELHI : COMDEX | ||
| 260 | _c1998 | ||
| 300 | _a1197 p. | ||
| 650 | _aPOWER BUILDER : VISUAL PROGRAMMING | ||
| 942 | _2ddc | ||
| 942 | _cLBK | ||
| 999 |
_c24297 _d24297 |
||
| 945 |
_a1 _bMadushi Gamage _c1 _dMadushi Gamage |
||